<?xml version="1.0" encoding="UTF-8"?><?xml-stylesheet type="text/xsl" href="static/style.xsl"?><OAI-PMH xmlns="http://www.openarchives.org/OAI/2.0/" xmlns:xsi="http://www.w3.org/2001/XMLSchema-instance" xsi:schemaLocation="http://www.openarchives.org/OAI/2.0/ http://www.openarchives.org/OAI/2.0/OAI-PMH.xsd"><responseDate>2026-04-13T07:20:14Z</responseDate><request verb="GetRecord" identifier="oai:www.recercat.cat:2117/335938" metadataPrefix="marc">https://recercat.cat/oai/request</request><GetRecord><record><header><identifier>oai:recercat.cat:2117/335938</identifier><datestamp>2025-07-22T15:03:57Z</datestamp><setSpec>com_2072_1033</setSpec><setSpec>col_2072_452951</setSpec></header><metadata><record xmlns="http://www.loc.gov/MARC21/slim" xmlns:dcterms="http://purl.org/dc/terms/" xmlns:xsi="http://www.w3.org/2001/XMLSchema-instance" xmlns:doc="http://www.lyncode.com/xoai" xsi:schemaLocation="http://www.loc.gov/MARC21/slim http://www.loc.gov/standards/marcxml/schema/MARC21slim.xsd">
   <leader>00925njm 22002777a 4500</leader>
   <datafield ind2=" " ind1=" " tag="042">
      <subfield code="a">dc</subfield>
   </datafield>
   <datafield ind2=" " ind1=" " tag="720">
      <subfield code="a">Lopez Escola, Marcos</subfield>
      <subfield code="e">author</subfield>
   </datafield>
   <datafield ind2=" " ind1=" " tag="720">
      <subfield code="a">Krättli, Walter</subfield>
      <subfield code="e">author</subfield>
   </datafield>
   <datafield ind2=" " ind1=" " tag="260">
      <subfield code="c">2020-07-09</subfield>
   </datafield>
   <datafield ind2=" " ind1=" " tag="520">
      <subfield code="a">Este proyecto está enfocado a la implementación de energías renovables en el archipiélago&#xd;
canario con tal de reducir el uso de las energías no renovables y demostrar la viabilidad de esta&#xd;
transición energética.&#xd;
Existen diferentes mecanismos de generación de energía renovable, por lo que se ha de&#xd;
escoger entre los existentes. Para ello se ha de estudiar, en primer lugar, las características del&#xd;
archipiélago con tal de ver cuál es la fuente que más se puede aprovechar; y en segundo,&#xd;
cuales son los mecanismos existentes de generación que funcionan gracias a esta fuente.&#xd;
Tras determinar el potencial de la Radiación en el archipiélago, se observa mediante los datos&#xd;
de generación de cada isla que este recurso esta poco aprovechado. Es por este motivo que&#xd;
se elige la radiación como fuente de energía y paneles fotovoltaicos como mecanismo de&#xd;
generación.&#xd;
Gracias al PVsyst (programa de simulación de instalaciones fotovoltaicas), se puede determinar&#xd;
el tamaño de las instalaciones en metros cuadrados, así como otros parámetros que son de&#xd;
vital importancia como son las potencias nominales o los factores de planta.&#xd;
Tras haber determinado todos los datos necesarios para su construcción, se procede a analizar&#xd;
el presupuesto de instalación, así como el de diseño, y la rentabilidad asociada al proyecto. Y&#xd;
para concluir, se ha de hablar del impacto ambiental que proyectos de esta índole implica.</subfield>
   </datafield>
   <datafield tag="653" ind2=" " ind1=" ">
      <subfield code="a">Àrees temàtiques de la UPC::Desenvolupament humà i sostenible</subfield>
   </datafield>
   <datafield tag="653" ind2=" " ind1=" ">
      <subfield code="a">Renewable energy sources</subfield>
   </datafield>
   <datafield tag="653" ind2=" " ind1=" ">
      <subfield code="a">Solar energy</subfield>
   </datafield>
   <datafield tag="653" ind2=" " ind1=" ">
      <subfield code="a">Energies renovables</subfield>
   </datafield>
   <datafield tag="653" ind2=" " ind1=" ">
      <subfield code="a">Energia solar</subfield>
   </datafield>
   <datafield ind2="0" ind1="0" tag="245">
      <subfield code="a">Diseño y operación de un sistema de energía solar fotovoltaica para islas</subfield>
   </datafield>
</record></metadata></record></GetRecord></OAI-PMH>